Ameland - Statistics

General Stats
  • This quiz has been taken 7 times
  • The average score is 15 of 19
Answer Stats
Hint Answer % Correct
village buren
100%
In te province Friesland
100%
village nes
100%
colour of the lighthouse red
100%
islanders used to hunt those animals whales
100%
colour of the lighthouse white
100%
village ballum
80%
Belongs to those islands Frisian
80%
eastern part of Ameland het oerd
80%
village hollum
80%
ferry leaves at holwerd
80%
last part of this region hon
80%
celestial body in weapon shield of Ameland moon
80%
main economic activity tourism
80%
In Dutch Wadden
80%
familyname of noblemen who ruled Ameland for centuries cammingha
60%
name of the island ghost rixt
60%
name of the lighthouse bornrif
40%
old traditional festival sunneklaas
20%
No matching quizzes found
Score Distribution
Percent of People with Each Score
Percentile by Number Answered
Your Score History
You have not taken this quiz